तू कहीं सो गई तो: (Record no. 41837)

MARC details
000 -LEADER
fixed length control field 01146nam a22002657a 4500
005 - DATE AND TIME OF LATEST TRANSACTION
control field 2010081401591.0
010 ## - LCCN (DPL NO)
LC control number HIN-90151
020 ## - INTERNATIONAL STANDARD BOOK NUMBER
International Standard Book Number 8188570699
Terms of availability 160.00
035 ## - SYSTEM CONTROL NUMBER
System control number HN-62497
037 ## - SOURCE OF ACQUISITION
Source of stock number/acquisition DBAD / PUB
082 ## - DEWEY DECIMAL CLASSIFICATION NUMBER
Classification number
100 ## - MAIN ENTRY--PERSONAL NAME
Personal name श्रीवास्तव, शशि
245 ## - TITLE STATEMENT
Title तू कहीं सो गई तो:
Statement of responsibility, etc शशि श्रीवास्तव
Remainder of title कहानी संग्रह /
246 ## - VARYING FORM OF TITLE
Title proper/short title Tu Kahin So Gai To
Remainder of title by Shashi Shrivastava
260 ## - PUBLICATION, DISTRIBUTION, ETC. (IMPRINT)
Place of publication, distribution, etc कानपुर
Name of publisher, distributor, etc विकास प्रकाशन
Date of publication, distribution, etc 2009
270 ## - ADDRESS
Address 311, सी. विश्व बैंक, बर्रा
City कानपुर
Postal code 208027
300 ## - PHYSICAL DESCRIPTION
Extent 107पृ
Dimensions 22सेमी (सजिल्द)
650 ## - SUBJECT ADDED ENTRY--TOPICAL TERM
Topical term following geographic name as entry element लघु कथाएँ, हिन्दी
650 ## - SUBJECT ADDED ENTRY--TOPICAL TERM
Topical term following geographic name as entry element Short Stories, Hindi
700 ## - ADDED ENTRY--PERSONAL NAME
9 (RLIN) 7228
700 ## - ADDED ENTRY--PERSONAL NAME
9 (RLIN) 7267
700 ## - ADDED ENTRY--PERSONAL NAME
9 (RLIN) 7698
942 ## - ADDED ENTRY ELEMENTS (KOHA)
Institution code [OBSOLETE] dpl
Item type Hindi Books
Call number prefix
Source of classification or shelving scheme Dewey Decimal Classification
Call number suffix श्रीवास्त
Classification part
Holdings
Withdrawn status Lost status Not for loan Collection code Home library Current library Date acquired Source of acquisition Cost, normal purchase price Full call number Barcode Copy number Cost, replacement price Koha item type
    Not For Loan Fiction D.B.Act.Division D.B.Act.Division 14/08/2010 DBAD / PUB 160.00 क श्रीवास्त HN-62497 1 160.00 Hindi Books

© Delhi Public Library
Hit Counter
free hit counter